Hrady a zámky : na Slovensku /
Salvato in:
| Natura: | Libro |
|---|---|
| Pubblicazione: |
Bratislava :
Dajama,
2008
|
| Soggetti: | |
| Tags: |
Nessun Tag, puoi essere il primo ad aggiungerne!!
|
MARC
| LEADER | 00000nam a22000003a 4500 | ||
|---|---|---|---|
| 001 | stu187856 | ||
| 005 | 20141121180712.2 | ||
| 008 | 090724s2008----------------------------d | ||
| 020 | |a 978-80-89226-56-6 | ||
| 040 | |a STU |b slo | ||
| 041 | 0 | ||
| 245 | |a Hrady a zámky : |b na Slovensku / |c D. Kollár a J. Nešpor | ||
| 260 | |a Bratislava : |b Dajama, |c 2008 | ||
| 300 | |a 127 s | ||
| 650 | 7 | |a hrady na Slovensku |2 stusub | |
| 650 | 7 | |a zámky |2 stusub | |
| 650 | 7 | |a Slovensko-dejiny |2 stusub | |
| 996 | |b 284AU04280 |c A*6690 U |l AAKNAR |s A |a 24 |w stu187856_0001 | ||